<?xml version="1.0" encoding="UTF-8"?>
<record
    xmlns:xsi="http://www.w3.org/2001/XMLSchema-instance"
    xsi:schemaLocation="http://www.loc.gov/MARC21/slim http://www.loc.gov/standards/marcxml/schema/MARC21slim.xsd"
    xmlns="http://www.loc.gov/MARC21/slim">

  <leader>00634nam a22002177a 4500</leader>
  <controlfield tag="003">BD-DhUIB</controlfield>
  <controlfield tag="005">20210606112858.0</controlfield>
  <controlfield tag="008">210606b           ||||| |||| 00| 0 eng d</controlfield>
  <datafield tag="020" ind1=" " ind2=" ">
    <subfield code="a">9781259097089</subfield>
  </datafield>
  <datafield tag="040" ind1=" " ind2=" ">
    <subfield code="a">BD-DhUIB</subfield>
    <subfield code="c">BD-DhUIB</subfield>
  </datafield>
  <datafield tag="050" ind1=" " ind2=" ">
    <subfield code="a">303.394</subfield>
  </datafield>
  <datafield tag="082" ind1=" " ind2=" ">
    <subfield code="2">22</subfield>
  </datafield>
  <datafield tag="100" ind1=" " ind2=" ">
    <subfield code="a">Hughes, Richard L.</subfield>
    <subfield code="9">656</subfield>
  </datafield>
  <datafield tag="245" ind1=" " ind2=" ">
    <subfield code="a">Leadership :</subfield>
    <subfield code="b">Exchancing the lessons of experience /</subfield>
    <subfield code="c">Richard L. Hughes, Robert C. Ginnett and Gordon J. Curphy.</subfield>
  </datafield>
  <datafield tag="300" ind1=" " ind2=" ">
    <subfield code="a">xviii,716p. :</subfield>
    <subfield code="b">ill. ;</subfield>
    <subfield code="c">23 cm.</subfield>
  </datafield>
  <datafield tag="526" ind1=" " ind2=" ">
    <subfield code="a">BBA.</subfield>
  </datafield>
  <datafield tag="650" ind1=" " ind2=" ">
    <subfield code="a">Leadership.</subfield>
    <subfield code="9">316</subfield>
  </datafield>
  <datafield tag="700" ind1=" " ind2=" ">
    <subfield code="a">Ginnett, Robert C.</subfield>
    <subfield code="9">657</subfield>
  </datafield>
  <datafield tag="700" ind1=" " ind2=" ">
    <subfield code="a">Curphy, Gordon J.</subfield>
    <subfield code="9">658</subfield>
  </datafield>
  <datafield tag="942" ind1=" " ind2=" ">
    <subfield code="2">ddc</subfield>
    <subfield code="c">BK</subfield>
  </datafield>
  <datafield tag="999" ind1=" " ind2=" ">
    <subfield code="c">302</subfield>
    <subfield code="d">302</subfield>
  </datafield>
  <datafield tag="952" ind1=" " ind2=" ">
    <subfield code="0">0</subfield>
    <subfield code="1">0</subfield>
    <subfield code="2">ddc</subfield>
    <subfield code="4">0</subfield>
    <subfield code="7">0</subfield>
    <subfield code="8">FIC</subfield>
    <subfield code="a">IBAL</subfield>
    <subfield code="b">IBAL</subfield>
    <subfield code="c">GEN</subfield>
    <subfield code="d">2015-01-15</subfield>
    <subfield code="e">Pruchase</subfield>
    <subfield code="l">0</subfield>
    <subfield code="o">303.394H716L 2012</subfield>
    <subfield code="p">00050484</subfield>
    <subfield code="r">2021-06-06 00:00:00</subfield>
    <subfield code="t">C-1</subfield>
    <subfield code="w">2021-06-06</subfield>
    <subfield code="y">BK</subfield>
  </datafield>
  <datafield tag="952" ind1=" " ind2=" ">
    <subfield code="0">0</subfield>
    <subfield code="1">0</subfield>
    <subfield code="2">ddc</subfield>
    <subfield code="4">0</subfield>
    <subfield code="7">0</subfield>
    <subfield code="8">FIC</subfield>
    <subfield code="a">IBAL</subfield>
    <subfield code="b">IBAL</subfield>
    <subfield code="c">GEN</subfield>
    <subfield code="d">2015-01-15</subfield>
    <subfield code="e">Pruchase</subfield>
    <subfield code="l">1</subfield>
    <subfield code="o">303.394H716L 2012</subfield>
    <subfield code="p">00050485</subfield>
    <subfield code="q">2025-10-27</subfield>
    <subfield code="r">2025-10-13 00:18:48</subfield>
    <subfield code="s">2025-10-13</subfield>
    <subfield code="t">C-2</subfield>
    <subfield code="w">2021-06-06</subfield>
    <subfield code="y">BK</subfield>
  </datafield>
</record>
